| 000 | 01407nam a22002177a 4500 | ||
|---|---|---|---|
| 999 |
_c58050 _d58050 |
||
| 003 | Ge_BSU | ||
| 005 | 20210527135901.0 | ||
| 008 | 210527s2021 ge ||||| |||| 00| 0 geo d | ||
| 041 | _ageio | ||
| 080 | _a821.353.1.09 ზ-78 | ||
| 100 |
_aზოიძე, დიანა _911905 |
||
| 245 |
_aარსენ ბულმაიმისძის ცხოვრება და შემოქმედება / _cდიანა ზოიძე, სამეცნიერო ხელმძღვანელი რამაზ ხალვაში; ბათუმის შოთა რუსთაველის სახელმწიფო უნივერსიტეტი. |
||
| 264 |
_aბათუმი, _c2012. |
||
| 300 |
_a266 გვ. _b30 სმ. |
||
| 504 | _aბიბლიოგრ. გვ. 116 -120 | ||
| 653 | _aარსენ ბულმაიმისძის ცხოვრება და შემოქმედება | ||
| 653 | _aფილოლოგია | ||
| 700 |
_aხალვაში, რამაზ _eსამეცნიერო ხელმძღვანელი _92151 |
||
| 710 |
_aბათუმის შოთა რუსთაველის სახელმწიფო უნივერსიტეტი _bქართული ფილოლოგიის დეპარტამენტი _94743 |
||
| 942 |
_2udc _cBK |
||